| 000 | 00587cam a2200193u 4500 | ||
|---|---|---|---|
| 082 |
_a624.157 _bLEE _cL-14, P-68 |
||
| 100 | 1 |
_aLee, Donovan Henry. [from old catalog] _942618 |
|
| 245 | 1 | 3 | _aSheet piling cofferdams and caissons |
| 250 | _a[Rev. and enl.] | ||
| 260 |
_aLondon, _bConcrete Publications _c[1945] |
||
| 300 |
_avii, 264 p. _billus. _c24 cm. |
||
| 526 |
_a0 _b0 _c0 _d624_157000000000000_LEE |
||
| 650 | 0 |
_aCaissons. _942619 |
|
| 650 | 0 |
_aCofferdams. _942620 |
|
| 650 | 0 |
_aConcrete piling. _942621 |
|
| 650 | 0 |
_aMCE _9379 |
|
| 650 | 0 |
_aSheet-piling. _942622 |
|
| 942 |
_2ddc _cBK |
||
| 999 |
_c546499 _d546499 |
||